South Eastern Kenya University

Library Online Public Access Catalogue


The age of communication (Record no. 2790)

MARC details
000 -LEADER
fixed length control field 00359nam a2200133 4500
020 ## - ISBN
International Standard Book Number 0876200137
050 00 - LIBRARY OF CONGRESS CALL NUMBER
Classification Number PE1127.M28
Item Number L8
100 1# - MAIN ENTRY--Author
Personal name Lutz, William,
245 14 - TITLE
Title The age of communication
Statement of responsibility, etc [edited by] William D. Lutz.
260 ## - PUBLICATION, DISTRIBUTION, ETC.(IMPRINT)
Place of publication, distribution, etc Pacific Palisades, Calif.,
Name of publisher, distributor, etc Goodyear Pub. Co.
Date of publication, distribution, etc [1974]
300 ## - PHYSICAL DESCRIPTION
Extent vii, 431 p.
650 #0 - SUBJECT--TOPIC
General subdivision Mass media.
942 ## - ADDED ENTRY ELEMENTS(KOHA)
Koha item type General circulation
Holdings
Source of classification or shelving scheme Not for loan Location (home branch) Sublocation (holding branch) Date accessioned Cost, normal purchase price Full call number Barcode Cost, replacement price Koha item type
Library of Congress Classification   Main Campus Library Main Campus Library 02/09/2014 22009.26 PE1127.M28 L8 2019/021887 22509.26 General circulation
Kitui, Kenya.
+254736116989
library@seku.ac.ke